000 00495nam a22001937a 4500
003 NUST - PNEC
005 20170116180754.0
008 150331b xxu||||| |||| 00| 0 eng d
020 _a9780241958759
040 _cLIBRARY
082 _a303.49 FAR
100 _91970
_aZakaria, Fareed;
245 _aThe Post-American World
_cFareed Zakaria
250 _a-
260 _aUSA
_bNew York
_cC 2001
300 _a314 . :
650 _91971
_aThe Post-American World
_xGenernal
942 _2ddc
_cBK
999 _c62684
_d62684